<?xml version="1.0" encoding="UTF-8"?>
<record
    xmlns:xsi="http://www.w3.org/2001/XMLSchema-instance"
    xsi:schemaLocation="http://www.loc.gov/MARC21/slim http://www.loc.gov/standards/marcxml/schema/MARC21slim.xsd"
    xmlns="http://www.loc.gov/MARC21/slim">

  <leader>02742nam0a22003371  4500</leader>
  <controlfield tag="001">rc\488715</controlfield>
  <controlfield tag="005">20250621103704.0</controlfield>
  <datafield tag="035" ind1=" " ind2=" ">
    <subfield code="a">(NLR Aleph) 005730868</subfield>
  </datafield>
  <datafield tag="090" ind1=" " ind2=" ">
    <subfield code="a">7577482</subfield>
    <subfield code="c">7577482</subfield>
  </datafield>
  <datafield tag="100" ind1=" " ind2=" ">
    <subfield code="a">20030616d1987    |||y0rusy50      ca</subfield>
  </datafield>
  <datafield tag="101" ind1="0" ind2=" ">
    <subfield code="a">rus</subfield>
  </datafield>
  <datafield tag="102" ind1=" " ind2=" ">
    <subfield code="a">RU</subfield>
  </datafield>
  <datafield tag="105" ind1=" " ind2=" ">
    <subfield code="a">y   |||||||||</subfield>
  </datafield>
  <datafield tag="200" ind1="1" ind2=" ">
    <subfield code="a">&#x412;&#x435;&#x440;&#x43D;&#x43E;&#x441;&#x442;&#x44C; &#x434;&#x43E;&#x43B;&#x433;&#x443; (1917-1987)</subfield>
    <subfield code="e">&#x420;&#x430;&#x441;&#x441;&#x43A;&#x430;&#x437;&#x44B; &#x43E; &#x447;&#x435;&#x43A;&#x438;&#x441;&#x442;&#x430;&#x445;</subfield>
    <subfield code="e">[&#x41F;&#x43E;&#x441;&#x432;&#x44F;&#x449;&#x430;&#x435;&#x442;&#x441;&#x44F; 70-&#x43B;&#x435;&#x442;&#x438;&#x44E; &#x43E;&#x440;&#x433;&#x430;&#x43D;&#x43E;&#x432; &#x412;&#x427;&#x41A;-&#x41A;&#x413;&#x412;</subfield>
    <subfield code="f">&#x421;&#x43E;&#x441;&#x442;. &#x42E;.&#x410;. &#x413;&#x443;&#x440;&#x442;&#x43E;&#x432;&#x43E;&#x439;</subfield>
    <subfield code="g">&#x412;&#x441;&#x442;&#x443;&#x43F;. &#x441;&#x442;. &#x433;&#x435;&#x43D;.-&#x43C;&#x430;&#x439;&#x43E;&#x440;&#x430; &#x421;.&#x421;. &#x41B;&#x430;&#x43F;&#x438;&#x43D;&#x430;]</subfield>
  </datafield>
  <datafield tag="210" ind1=" " ind2=" ">
    <subfield code="a">&#x418;&#x440;&#x43A;&#x443;&#x442;&#x441;&#x43A;</subfield>
    <subfield code="c">&#x412;&#x43E;&#x441;&#x442;.-&#x421;&#x438;&#x431;. &#x43A;&#x43D;. &#x438;&#x437;&#x434;-&#x432;&#x43E;</subfield>
    <subfield code="d">1987</subfield>
  </datafield>
  <datafield tag="215" ind1=" " ind2=" ">
    <subfield code="a">304 &#x441;.</subfield>
    <subfield code="d">20</subfield>
  </datafield>
  <datafield tag="327" ind1="0" ind2=" ">
    <subfield code="a">&#x421;&#x43E;&#x434;&#x435;&#x440;&#x436;.: &#x420;&#x430;&#x437;&#x432;&#x435;&#x434;&#x447;&#x438;&#x43A; &#x426;&#x435;&#x43D;&#x442;&#x440;&#x43E;&#x441;&#x438;&#x431;&#x438;&#x440;&#x438;; &#x41E;&#x43D;&#x438; &#x431;&#x44B;&#x43B;&#x438; &#x43F;&#x435;&#x440;&#x432;&#x44B;&#x43C;&#x438;; &#x41A;&#x43E;&#x43D;&#x435;&#x446; &#x440;&#x43E;&#x433;&#x43E;&#x432;&#x441;&#x43A;&#x43E;&#x439; &#x43E;&#x440;&#x433;&#x430;&#x43D;&#x438;&#x437;&#x430;&#x446;&#x438;&#x438; / &#x413;. &#x411;&#x435;&#x43B;&#x43E;&#x443;&#x441;&#x43E;&#x432;, &#x413;. &#x413;&#x443;&#x434;&#x43A;&#x43E;&#x432;; &#x414;&#x435;&#x43B;&#x430; &#x434;&#x430;&#x432;&#x43D;&#x43E; &#x43C;&#x438;&#x43D;&#x443;&#x432;&#x448;&#x438;&#x445; &#x434;&#x43D;&#x435;&#x439; / &#x410;. &#x428;&#x430;&#x441;&#x442;&#x438;&#x43D;; &#x416;&#x430;&#x442;&#x432;&#x430; &#x447;&#x435;&#x440;&#x43D;&#x43E;&#x433;&#x43E; &#x43F;&#x43E;&#x441;&#x435;&#x432;&#x430; / &#x412;. &#x418;&#x43C;&#x448;&#x435;&#x43D;&#x435;&#x446;&#x43A;&#x438;&#x439;; &#x424;&#x438;&#x43D;&#x430;&#x43B; / &#x410;. &#x428;&#x430;&#x441;&#x442;&#x438;&#x43D;; &#x412; &#x441;&#x43E;&#x440;&#x43E;&#x43A;&#x43E;&#x432;&#x44B;&#x435; &#x43E;&#x433;&#x43D;&#x435;&#x432;&#x44B;&#x435; / &#x41B;. &#x41E;&#x433;&#x43D;&#x435;&#x432;&#x441;&#x43A;&#x438;&#x439;; &#x41F;&#x43E; &#x441;&#x43B;&#x435;&#x434;&#x430;&#x43C; &#x443;&#x442;&#x435;&#x440;&#x44F;&#x43D;&#x44B;&#x445; &#x43D;&#x438;&#x442;&#x435;&#x439; / &#x410;. &#x421;&#x435;&#x43C;&#x435;&#x43D;&#x43E;&#x432;; &#x41D;&#x435;&#x432;&#x438;&#x434;&#x438;&#x43C;&#x44B;&#x439; &#x431;&#x43E;&#x439; / &#x413;. &#x41C;&#x430;&#x448;&#x43A;&#x438;&#x43D; &#x438; &#x434;&#x440;.</subfield>
  </datafield>
  <datafield tag="464" ind1=" " ind2="0">
    <subfield code="1">2001#$a&#x420;&#x430;&#x437;&#x432;&#x435;&#x434;&#x447;&#x438;&#x43A; &#x426;&#x435;&#x43D;&#x442;&#x440;&#x43E;&#x441;&#x438;&#x431;&#x438;&#x440;&#x438;</subfield>
    <subfield code="1">700#1$a&#x411;&#x435;&#x43B;&#x43E;&#x443;&#x441;&#x43E;&#x432;$b&#x413;.</subfield>
    <subfield code="1">701#1$a&#x413;&#x443;&#x434;&#x43A;&#x43E;&#x432;$b&#x413;.</subfield>
    <subfield code="t">&#x420;&#x430;&#x437;&#x432;&#x435;&#x434;&#x447;&#x438;&#x43A; &#x426;&#x435;&#x43D;&#x442;&#x440;&#x43E;&#x441;&#x438;&#x431;&#x438;&#x440;&#x438;</subfield>
    <subfield code="a">&#x411;&#x435;&#x43B;&#x43E;&#x443;&#x441;&#x43E;&#x432;, &#x413;.</subfield>
  </datafield>
  <datafield tag="464" ind1=" " ind2="0">
    <subfield code="1">2001#$a&#x41E;&#x43D;&#x438; &#x431;&#x44B;&#x43B;&#x438; &#x43F;&#x435;&#x440;&#x432;&#x44B;&#x43C;&#x438;</subfield>
    <subfield code="1">700#1$a&#x411;&#x435;&#x43B;&#x43E;&#x443;&#x441;&#x43E;&#x432;$b&#x413;.</subfield>
    <subfield code="1">701#1$a&#x413;&#x443;&#x434;&#x43A;&#x43E;&#x432;$b&#x413;.</subfield>
    <subfield code="t">&#x41E;&#x43D;&#x438; &#x431;&#x44B;&#x43B;&#x438; &#x43F;&#x435;&#x440;&#x432;&#x44B;&#x43C;&#x438;</subfield>
    <subfield code="a">&#x411;&#x435;&#x43B;&#x43E;&#x443;&#x441;&#x43E;&#x432;, &#x413;.</subfield>
  </datafield>
  <datafield tag="464" ind1=" " ind2="0">
    <subfield code="1">2001#$a&#x41A;&#x43E;&#x43D;&#x435;&#x446; &#x440;&#x43E;&#x433;&#x43E;&#x432;&#x441;&#x43A;&#x43E;&#x439; &#x43E;&#x440;&#x433;&#x430;&#x43D;&#x438;&#x437;&#x430;&#x446;&#x438;&#x438;</subfield>
    <subfield code="1">700#1$a&#x411;&#x435;&#x43B;&#x43E;&#x443;&#x441;&#x43E;&#x432;$b&#x413;.</subfield>
    <subfield code="1">701#1$a&#x413;&#x443;&#x434;&#x43A;&#x43E;&#x432;$b&#x413;.</subfield>
    <subfield code="t">&#x41A;&#x43E;&#x43D;&#x435;&#x446; &#x440;&#x43E;&#x433;&#x43E;&#x432;&#x441;&#x43A;&#x43E;&#x439; &#x43E;&#x440;&#x433;&#x430;&#x43D;&#x438;&#x437;&#x430;&#x446;&#x438;&#x438;</subfield>
    <subfield code="a">&#x411;&#x435;&#x43B;&#x43E;&#x443;&#x441;&#x43E;&#x432;, &#x413;.</subfield>
  </datafield>
  <datafield tag="464" ind1=" " ind2="0">
    <subfield code="1">2001#$a&#x414;&#x435;&#x43B;&#x430; &#x434;&#x430;&#x432;&#x43D;&#x43E; &#x43C;&#x438;&#x43D;&#x443;&#x432;&#x448;&#x438;&#x445; &#x434;&#x43D;&#x435;&#x439;</subfield>
    <subfield code="1">700#1$a&#x428;&#x430;&#x441;&#x442;&#x438;&#x43D;$b&#x410;.</subfield>
    <subfield code="t">&#x414;&#x435;&#x43B;&#x430; &#x434;&#x430;&#x432;&#x43D;&#x43E; &#x43C;&#x438;&#x43D;&#x443;&#x432;&#x448;&#x438;&#x445; &#x434;&#x43D;&#x435;&#x439;</subfield>
    <subfield code="a">&#x428;&#x430;&#x441;&#x442;&#x438;&#x43D;, &#x410;.</subfield>
  </datafield>
  <datafield tag="464" ind1=" " ind2="0">
    <subfield code="1">2001#$a&#x416;&#x430;&#x442;&#x432;&#x430; &#x447;&#x435;&#x440;&#x43D;&#x43E;&#x433;&#x43E; &#x43F;&#x43E;&#x441;&#x435;&#x432;&#x430;</subfield>
    <subfield code="1">700#1$a&#x418;&#x43C;&#x448;&#x435;&#x43D;&#x435;&#x446;&#x43A;&#x438;&#x439;$b&#x412;.</subfield>
    <subfield code="t">&#x416;&#x430;&#x442;&#x432;&#x430; &#x447;&#x435;&#x440;&#x43D;&#x43E;&#x433;&#x43E; &#x43F;&#x43E;&#x441;&#x435;&#x432;&#x430;</subfield>
    <subfield code="a">&#x418;&#x43C;&#x448;&#x435;&#x43D;&#x435;&#x446;&#x43A;&#x438;&#x439;, &#x412;.</subfield>
  </datafield>
  <datafield tag="464" ind1=" " ind2="0">
    <subfield code="1">2001#$a&#x424;&#x438;&#x43D;&#x430;&#x43B;</subfield>
    <subfield code="1">700#1$a&#x428;&#x430;&#x441;&#x442;&#x438;&#x43D;$b&#x410;.</subfield>
    <subfield code="t">&#x424;&#x438;&#x43D;&#x430;&#x43B;</subfield>
    <subfield code="a">&#x428;&#x430;&#x441;&#x442;&#x438;&#x43D;, &#x410;.</subfield>
  </datafield>
  <datafield tag="464" ind1=" " ind2="0">
    <subfield code="1">2001#$a&#x412; &#x441;&#x43E;&#x440;&#x43E;&#x43A;&#x43E;&#x432;&#x44B;&#x435; &#x43E;&#x433;&#x43D;&#x435;&#x432;&#x44B;&#x435;</subfield>
    <subfield code="1">700#1$a&#x41E;&#x433;&#x43D;&#x435;&#x432;&#x441;&#x43A;&#x438;&#x439;$b&#x41B;.</subfield>
    <subfield code="t">&#x412; &#x441;&#x43E;&#x440;&#x43E;&#x43A;&#x43E;&#x432;&#x44B;&#x435; &#x43E;&#x433;&#x43D;&#x435;&#x432;&#x44B;&#x435;</subfield>
    <subfield code="a">&#x41E;&#x433;&#x43D;&#x435;&#x432;&#x441;&#x43A;&#x438;&#x439;, &#x41B;.</subfield>
  </datafield>
  <datafield tag="464" ind1=" " ind2="0">
    <subfield code="1">2001#$a&#x41F;&#x43E; &#x441;&#x43B;&#x435;&#x434;&#x430;&#x43C; &#x443;&#x442;&#x435;&#x440;&#x44F;&#x43D;&#x44B;&#x445; &#x43D;&#x438;&#x442;&#x435;&#x439;</subfield>
    <subfield code="1">700#1$a&#x421;&#x435;&#x43C;&#x435;&#x43D;&#x43E;&#x432;$b&#x410;.</subfield>
    <subfield code="t">&#x41F;&#x43E; &#x441;&#x43B;&#x435;&#x434;&#x430;&#x43C; &#x443;&#x442;&#x435;&#x440;&#x44F;&#x43D;&#x44B;&#x445; &#x43D;&#x438;&#x442;&#x435;&#x439;</subfield>
    <subfield code="a">&#x421;&#x435;&#x43C;&#x435;&#x43D;&#x43E;&#x432;, &#x410;.</subfield>
  </datafield>
  <datafield tag="464" ind1=" " ind2="0">
    <subfield code="1">2001#$a&#x41D;&#x435;&#x432;&#x438;&#x434;&#x438;&#x43C;&#x44B;&#x439; &#x431;&#x43E;&#x439;</subfield>
    <subfield code="1">700#1$a&#x41C;&#x430;&#x448;&#x43A;&#x438;&#x43D;$b&#x413;.</subfield>
    <subfield code="t">&#x41D;&#x435;&#x432;&#x438;&#x434;&#x438;&#x43C;&#x44B;&#x439; &#x431;&#x43E;&#x439;</subfield>
    <subfield code="a">&#x41C;&#x430;&#x448;&#x43A;&#x438;&#x43D;, &#x413;.</subfield>
  </datafield>
  <datafield tag="801" ind1=" " ind2="0">
    <subfield code="a">RU</subfield>
    <subfield code="b">NLR</subfield>
    <subfield code="g">psbo</subfield>
  </datafield>
  <datafield tag="801" ind1=" " ind2="1">
    <subfield code="a">RU</subfield>
    <subfield code="b">ELAR</subfield>
    <subfield code="2">rusmarc</subfield>
  </datafield>
  <datafield tag="852" ind1=" " ind2=" ">
    <subfield code="a">NLR</subfield>
    <subfield code="j">87-3/10293</subfield>
  </datafield>
  <datafield tag="942" ind1=" " ind2=" ">
    <subfield code="c">BOOK</subfield>
  </datafield>
  <datafield tag="980" ind1=" " ind2=" ">
    <subfield code="a">NB</subfield>
  </datafield>
  <datafield tag="995" ind1=" " ind2=" ">
    <subfield code="5">2013-10-26</subfield>
    <subfield code="b">NLR01</subfield>
    <subfield code="c">NLR01</subfield>
    <subfield code="e">RF9</subfield>
    <subfield code="f">5730868-10</subfield>
    <subfield code="k">87-3/10293</subfield>
    <subfield code="o">0</subfield>
    <subfield code="r">BOOK</subfield>
    <subfield code="s">87310293_</subfield>
  </datafield>
</record>
